| 000 | 00374nam a22001457a 4500 | ||
|---|---|---|---|
| 003 | OSt | ||
| 005 | 20160727222404.0 | ||
| 008 | 160623b xxu||||| |||| 00| 0 eng d | ||
| 040 | _cTest | ||
| 100 |
_9789 _aWilliams, H.M |
||
| 245 | _aIndo- Anglian Literature 1800-1970 | ||
| 260 |
_aN.D _b Orient Longman _c1976 |
||
| 300 | _aIndo- Anglian Literature 1800-1970 | ||
| 942 |
_2ddc _cBK |
||
| 999 |
_c633 _d633 |
||